V Banskej Štiavnici vedia, že zápis do Zoznamu svetového dedičstva UNESCO mesto nezachráni

Kroky mestského zastupiteľstva Banskej Štiavnice, ktorá je zapísaná v Zozname svetového dedičstva UNESCO, na pritiahnutie domáceho kapitálu potrebného na obnovu historických (objekty v jadre mesta z 13. stor.) a technických pamiatok (systém banských vodných nádrží - tajchov). Dôraz kladený na domáce...

Descripción completa

Guardado en:
Detalles Bibliográficos
Autor principal: Janků, Jaroslav
Formato: Capítulo de libro
Lenguaje:eslovaco
Materias:
Etiquetas: Agregar Etiqueta
Sin Etiquetas, Sea el primero en etiquetar este registro!

MARC

LEADER 00000naa a2200000 4500
001 r001044
005 20221213114731.9
041 0 |a slo 
044 |a SK 
245 1 0 |a V Banskej Štiavnici vedia, že zápis do Zoznamu svetového dedičstva UNESCO mesto nezachráni  |c Jaroslav Janků 
520 |a Kroky mestského zastupiteľstva Banskej Štiavnice, ktorá je zapísaná v Zozname svetového dedičstva UNESCO, na pritiahnutie domáceho kapitálu potrebného na obnovu historických (objekty v jadre mesta z 13. stor.) a technických pamiatok (systém banských vodných nádrží - tajchov). Dôraz kladený na domáce zdroje, predaj niektorých objektov, ich využitie aj pre rozvoj cestovného ruchu. 
610 2 0 |a Banská Štiavnica 
610 2 0 |a rekonštrukcia 
610 2 0 |a pamiatky 
610 2 0 |a financovanie 
610 2 0 |a UNESCO 
610 2 0 |a predaj 
610 2 0 |a nehnuteľnosti 
610 2 0 |a mestá 
610 2 0 |a ruch cestovný 
610 2 0 |a Slovensko 
100 1 |a Janků, Jaroslav